Concepto y control del procedimiento legislativo / (Registro nro. 3614)
[ vista simple ]
| 000 -LEADER | |
|---|---|
| fixed length control field | 01438nam a2200289Ia 4500 |
| 003 - CONTROL NUMBER IDENTIFIER | |
| control field | OSt |
| 005 - DATE AND TIME OF LATEST TRANSACTION | |
| control field | 20200511122314.0 |
| 008 - FIXED-LENGTH DATA ELEMENTS--GENERAL INFORMATION | |
| fixed length control field | 191128s2005 ck gr 000 0 spa d |
| 020 ## - INTERNATIONAL STANDARD BOOK NUMBER | |
| International Standard Book Number | 9586169448 |
| 040 ## - CATALOGING SOURCE | |
| Original cataloging agency | CO-JMCR |
| Transcribing agency | CO-JMCR |
| 041 0# - LANGUAGE CODE | |
| Language code of text/sound track or separate title | spa |
| 082 04 - DEWEY DECIMAL CLASSIFICATION NUMBER | |
| Classification number | 328.3 / |
| Item number | P153c |
| Edition number | 23 |
| 100 1# - MAIN ENTRY--PERSONAL NAME | |
| Personal name | Palacios Torres, Alfonso, |
| Relator term | autor |
| 9 (RLIN) | 4172 |
| 245 10 - TITLE STATEMENT | |
| Title | Concepto y control del procedimiento legislativo / |
| Statement of responsibility, etc. | Alfonso Palacios Torres |
| 250 ## - EDITION STATEMENT | |
| Edition statement | Primera edición |
| 260 ## - PUBLICATION, DISTRIBUTION, ETC. | |
| Place of publication, distribution, etc. | Bogotá : |
| Name of publisher, distributor, etc. | Universidad Externado de Colombia, |
| Date of publication, distribution, etc. | 2005 |
| 300 ## - PHYSICAL DESCRIPTION | |
| Extent | 411 páginas ; |
| Dimensions | 24 cm. |
| 500 ## - GENERAL NOTE | |
| General note | Incuye notas a pie de página. |
| 504 ## - BIBLIOGRAPHY, ETC. NOTE | |
| Bibliography, etc. note | Bibliografía: páginas 393-411 |
| 505 0# - FORMATTED CONTENTS NOTE | |
| Formatted contents note | Concepto y contenido del procedimiento legislativo en un estado democrático: el caso colombiano -- Control constitucional del procedimiento legislativo en Colombia -- Vicios de forma : tipología y efectos en el ordenamiento y jurídico Colombiano |
| 520 ## - SUMMARY, ETC. | |
| Summary, etc. | En ella se propugna por una visión sustancial del procedimiento legislativo, a partir de la cual se reconozca y valore la importancia de los principios constitucional involucrados en su realización. Para lograr este objetivo el trabajo ha sido estructurado |
| 650 14 - SUBJECT ADDED ENTRY--TOPICAL TERM | |
| Topical term or geographic name entry element | Leyes |
| Geographic subdivision | Colombia |
| 9 (RLIN) | 4173 |
| 650 14 - SUBJECT ADDED ENTRY--TOPICAL TERM | |
| Topical term or geographic name entry element | Democracia |
| General subdivision | aspectos constitucionales |
| Geographic subdivision | Colombia |
| 9 (RLIN) | 4174 |
| 650 14 - SUBJECT ADDED ENTRY--TOPICAL TERM | |
| Topical term or geographic name entry element | Bloque de constitucionalidad |
| Geographic subdivision | Colombia |
| 9 (RLIN) | 4175 |
| 650 14 - SUBJECT ADDED ENTRY--TOPICAL TERM | |
| Topical term or geographic name entry element | Poder legislativo |
| Geographic subdivision | Colombia |
| 9 (RLIN) | 4176 |
| 942 ## - ADDED ENTRY ELEMENTS (KOHA) | |
| Source of classification or shelving scheme | Dewey Decimal Classification |
| Koha item type | Books |
| Withdrawn status | Lost status | Source of classification or shelving scheme | Damaged status | Not for loan | Collection code | Home library | Current library | Date acquired | Source of acquisition | Cost, normal purchase price | Total Checkouts | Full call number | Barcode | Date last seen | Copy number | Koha item type |
|---|---|---|---|---|---|---|---|---|---|---|---|---|---|---|---|---|
| Dewey Decimal Classification | Non-fiction | Biblioteca Pública José María del Castillo y Rada | Biblioteca Pública José María del Castillo y Rada | 07/16/2018 | Donación | 0.00 | 328.3 / P153c | 201807486 | 05/16/2024 | Ej.1 | Books |